| 000 | 00738nam a2200217 i 4500 | ||
|---|---|---|---|
| 001 | 40992 | ||
| 003 | ES-MaACL | ||
| 005 | 20250605122439.0 | ||
| 007 | t| | ||
| 008 | 030307s1968 sp ||||1| spa d | ||
| 100 | 1 |
_aCarpenter, Edmund. _935434 |
|
| 245 | 1 | 3 |
_aEl aula sin muros _b: investigaciones sobre técnicas de comunicación / _cEdmund Carpenter, Marshall McLuhan ; [traducido por Luis Carandell]. |
| 250 | _a[1ª ed.]. | ||
| 260 |
_aBarcelona : _bCultura Popular, _c[1968] |
||
| 300 |
_a266 p. ; _c21 cm. |
||
| 650 | 0 | 4 |
_aComunicación. _911187 |
| 700 | 1 |
_aMcLuhan, Marshall, _d1911-1980 _979603 |
|
| 700 | 1 |
_aCarandell, Luis, _d1929-2002 _934959 |
|
| 852 |
_aES-MaACL _jC-48383 _bR.67260 |
||
| 999 |
_c40992 _d40992 |
||